| 000 | 01211nas a2200253 i 4500 | ||
|---|---|---|---|
| 003 | DO-SdBNP | ||
| 005 | 20260630151416.0 | ||
| 007 | ta | ||
| 008 | 260630e1978 dr qn|p|r||||||0| | spa d | ||
| 040 |
_aDO-SdBNP _bspa _cBNPHU _erda |
||
| 041 | _aspa | ||
| 110 |
_aCentral Romana Corporation _990457 |
||
| 245 | _aEl Papagayo | ||
| 264 |
_aSanto Domingo, República Dominicana : _bEl Heraldo, _c1978-. |
||
| 300 |
_avolumen : _bilustraciones, retratos , _c28 cm. |
||
| 336 |
_atexto _btxt _2rdacontent |
||
| 337 |
_asin mediación _bn _2rdamedia |
||
| 338 |
_avolumen _bnc _2rdacarrier |
||
| 362 | _aAño 2. Número 5, agosto-octubre 1978. | ||
| 500 | _aCatalogación basada en el: Año 2. Número 5, agosto-octubre 1978. | ||
| 500 | _aUn cambio significativo en la dirección del Central Romana fue la designación del ingeniero Carlos Morales Trancoso como presidente de la empresa, y del ingeniero Eduardo Martínez Lima y del licenciado Ramón Menéndez, como vicepresidente ejecutivo, Durante esa época la empresa empezó el proceso de diversificación hacia otras áreas como el turismo. | ||
| 650 | 0 |
_aEntretenimiento _vPublicaciones periódicas _963790 _zRepública Dominicana |
|
| 942 |
_2ddc _cISSUE |
||
| 999 |
_c60977 _d60977 |
||